Statistics for Biggest urban area in the Nordic countries A-Å/Ö

Click here to take the quiz!

General Stats

  • This quiz has been taken 21 times
  • The average score is 14 of 25

Answer Stats

Population (ISO)Urban Area% Correct
C1,246,611 (DK)Copenhagen
100%
S1,515,017 (SE)Stockholm
100%
B247,731 (NO)Bergen
94%
O942,084 (NO)Oslo
94%
G549,839 (SE)Gothenburg
94%
H1,249,820 (FI)Helsinki
94%
R201,049 (IS)Reykjavík
88%
Å/AA264,716 (DK)Aarhus
82%
M549,839 (SE)Malmö
82%
T330,711 (FI)Tampere
71%
U140,454 (SE)Uppsala
59%
J121,782 (FI)Jyväskylä
41%
L118,119 (FI)Lahti
41%
N87,247(SE)Norrköping
41%
E71,618 (DK)Esbjerg
41%
Y21,678 (SE)Ystad
41%
Ø/Ö107,038 (SE)Örebro
41%
V110,877 (SE)Västerås
29%
K88,023 (FI)Kuopio
24%
D110,503 (NO)Drammen
24%
Æ/Ä23,240 (SE)Ängelholm
24%
I29,124 (FI)Imatra
18%
F106,758 (NO)Fredrikstad( - Sarpsborg)
18%
P90,621 (NO)Porsgrunn( - Skien)
18%
A42,690 (NO)Arendal
12%

Score Distribution

Percentile by Number Answered

Percent of People with Each Score

Your Score History

You have not taken this quiz